Hoppa till innehåll
Ayesha Abed Library
Språk
English
Deutsch
Español
Français
Italiano
日本語
Nederlands
Português
Português (Brasil)
中文(简体)
中文(繁體)
Türkçe
עברית
Gaeilge
Cymraeg
Ελληνικά
Català
Euskara
Русский
Čeština
Suomi
Svenska
polski
Dansk
slovenščina
اللغة العربية
বাংলা
Galego
Tiếng Việt
Hrvatski
हिंदी
Հայերէն
Українська
Alla fält
Titel
Upphovsman
Ämne
Signum
ISBN/ISSN
Tagg
Sök
Avancerad
Computer Vision: A Modern Appr...
Hänvisa
Skicka per e-post
Skriv ut
Exportera posten
Exportera till: RefWorks
Exportera till: EndNoteWeb
Exportera till: EndNote
Exportera till: MARC
Exportera till: MARCXML
Exportera till: BibTeX
Permanent länk
Computer Vision: A Modern Approach
Bibliografiska uppgifter
Huvudupphovsman:
D.A. Forsyth and J. Ponce
Materialtyp:
Okänd
Beståndsuppgifter
Beskrivning
Liknande verk
Katalogiseringsuppgifter
LEADER
00204 a2200085 4500
020
|a
9789332550117
100
|a
D.A. Forsyth and J. Ponce
|9
57542
245
|a
Computer Vision: A Modern Approach
942
|c
BK
999
|c
47222
|d
47222
Liknande verk
Computer vision : a modern approach /
av: Forsyth, David A., et al.
Publicerad: (2012)
Computer vision : a modern approach /
av: Forsyth, David
Publicerad: (2003)
Artificial Intelligence: A Modern Approach
av: Russell, Stuart J. ; Norvig, Peter
A modern technique to detect potholes by Computer Vision and Deep Learning
av: Saif, Muntasir Mahmud, et al.
Publicerad: (2023)
A computer vision based approach for stalking detection using CNN-LSTM hybrid model
av: Iqbal, Shahriar, et al.
Publicerad: (2023)